| 000 | 00430nam a2200181Ia 4500 | ||
|---|---|---|---|
| 001 | 25048 | ||
| 005 | 20260414151124.0 | ||
| 008 | 260414t2006||||xx |||||||||||||| ||spa|| | ||
| 041 | _aESP | ||
| 082 |
_a346.13 _bG23 |
||
| 100 |
_aGarcía Coni, Raúl R. _eAUT |
||
| 245 | 0 |
_aDerecho registral aplicado _b |
|
| 260 | _c2006 | ||
| 300 |
_a219 páginas : _c22 cm. |
||
| 650 | _aDER | ||
| 654 | _aCDE | ||
| 942 |
_cLIB _dJUS _fJUS _2ddc _n |
||
| 999 |
_c25048 _d25048 |
||